Дело о службе актера Венцеля Шульца

Доступно только в Электронных читальных залах Найти на картеНа карте
RUSMARC
00003934nmc2a22000003x 450
00126a2fc7e-2a61-4c07-9b12-b3fc50184cbc
00520181005160055.0
100##$a20161221l18181857k l0rusy0189 ca
1010#$arus
102##$aRU
2001#$aДело о службе актера Венцеля Шульца
$j29 марта 1818 г. - 15 ноября 1857 г.
251##$cДело
300##$aДело
300##$aОриг. заголовок дела: Дело об увольнении актёра Венцеля Шульца вовсе от службы. 29 марта 1818 г. - 15 ноября 1857 г
801#0$aRU
$bРГИА
$c20161221
$gRCR
801#1$aRU
$bГлавНИВЦ
$c20161221
$2rusmarc
801#2$aRU
$bПБ им. Б.Н. Ельцина
$c20181005
$gRCR
$2rusmarc
850##$aРГИА
852##$aРГИА
$eФедеральное казенное учреждение "Российский государственный исторический архив" (РГИА)
$j1708
937##$hРГИА
$d12236783
$aASBIBLIO_SCAN
462#0$1001dd3991dc-24e1-42ec-8838-ca4255420416
$12001
$a1746-1850 гг.
$1251
$cОпись
$1852
$j1
461#0$10019264ebf8-de62-4f1a-9eb4-9f22098dbbd5
$12001
$aДирекция императорских театров МИДв
$1251
$cФонд
$1852
$j497
215##$a49 л.
$d36,5х26 см
371##$aДокумент не является опубликованным и широко распространяемым
105##$ay###
1222#$ad
5171#$aДело об увольнении актёра Венцеля Шульца вовсе от службы. 29 марта 1818 г. - 15 ноября 1857 г
035##$a26a2fc7e-2a61-4c07-9b12-b3fc50184cbc
856##$uhttp://readingroom.main.prlib.ru/item.aspx?id_node=n118970625&mode=full
Формат отображения